[Event "Titled Tue 3rd Jun Early"]
[Site "chess.com INT"]
[Date "2025.06.03"]
[Round "2"]
[White "Chan, Kim Yew"]
[Black "Deboushnik De"]
[Result "1-0"]
[WhiteTitle "FM"]
[BlackTitle "CM"]
[WhiteElo "2304"]
[BlackElo "2207"]
[WhiteFideId "5717981"]
[BlackFideId "25768778"]
[EventDate "2025.06.03"]

1. c4 Nf6 2. Nc3 g6 3. d4 Bg7 4. Bf4 O-O 5. e3 d6 6. Nf3 Nbd7 7. Be2 c6 8. O-O
Qe8 9. h3 e5 10. Bh2 Qe7 11. Qc2 Ne8 12. b4 f5 13. c5 d5 14. dxe5 Nxe5 15. Nxe5
Bxe5 16. Bxe5 Qxe5 17. Qd2 Nf6 18. Qd4 Qxd4 19. exd4 a6 20. Na4 f4 21. Bd3 Be6
22. Rae1 Rae8 23. Re5 Kf7 24. Rfe1 Nd7 25. R5e2 Re7 26. Nb6 Nxb6 27. cxb6 Rfe8
28. f3 Kf6 29. Kf2 h5 30. h4 Ra8 31. Bxg6 Rg8 32. Bxh5 1-0

[Event "Titled Tue 3rd Jun Early"]
[Site "chess.com INT"]
[Date "2025.06.03"]
[Round "2"]
[White "Deng, Henry"]
[Black "Ilinca, Felix-Antonio"]
[Result "0-1"]
[WhiteTitle "FM"]
[BlackTitle "IM"]
[WhiteElo "2327"]
[BlackElo "2420"]
[WhiteFideId "30965454"]
[BlackFideId "54764998"]
[EventDate "2025.06.03"]

1. Nf3 d5 2. b3 Bg4 3. Bb2 Bxf3 4. exf3 e6 5. Be2 c6 6. O-O Nf6 7. d3 Bd6 8. g3
O-O 9. f4 Nbd7 10. Bf3 Re8 11. Nd2 a5 12. a3 e5 13. fxe5 Bxe5 14. Bxe5 Nxe5 15.
Bg2 Qb6 16. h3 Qd4 17. Kh2 Qc3 18. a4 Re7 19. Rc1 Rae8 20. Nb1 Qd4 21. Qd2 h5
22. Nc3 h4 23. Ne2 Neg4+ 24. hxg4 Nxg4+ 25. Kh3 Rxe2 26. Qf4 Qxf4 27. gxf4 Nxf2+
28. Kxh4 Nxd3 29. cxd3 Rxg2 30. f5 Re3 31. Rc5 Rxd3 32. Rxa5 Rxb3 33. Ra8+ Kh7
34. Rf8 f6 35. Re1 Rf3 36. Rf7 Rxf5 37. Rxb7 Kg6 38. Kh3 Rgg5 39. Rc7 Rf3+ 40.
Kh2 Rf4 41. Kh3 Rxa4 42. Re8 Rc4 43. Rg8 Kh7 44. Rgc8 Rc1 45. Kh2 d4 46. Rd7 Rc4
47. Kh3 c5 48. Rd6 Rc1 49. Rc7 Rh1# 0-1

[Event "Titled Tue 3rd Jun Early"]
[Site "chess.com INT"]
[Date "2025.06.03"]
[Round "2"]
[White "Gales, Randi-Ioan"]
[Black "Troltenier, Dirk"]
[Result "1-0"]
[WhiteTitle "CM"]
[BlackTitle "FM"]
[WhiteElo "2290"]
[BlackElo "2174"]
[WhiteFideId "1285360"]
[BlackFideId "4606400"]
[EventDate "2025.06.03"]

1. d4 d5 2. c4 e6 3. Nc3 c5 4. cxd5 exd5 5. Nf3 Nc6 6. dxc5 d4 7. Ne4 Bf5 8. Ng3
Bg6 9. h4 h6 10. h5 Bh7 11. e4 Bxc5 12. Bd3 Bb4+ 13. Kf1 Nf6 14. a3 Bd6 15. Qe2
Qe7 16. Rh4 O-O 17. Bf4 Rfe8 18. Re1 Bxf4 19. Rxf4 Rad8 20. e5 Bxd3 21. Qxd3 Nd5
22. Rg4 Qe6 23. Nf5 g5 24. hxg6 fxg6 25. Nxh6+ Kg7 26. Nf5+ Kf7 27. Ng5+ 1-0

[Event "Titled Tue 3rd Jun Early"]
[Site "chess.com INT"]
[Date "2025.06.03"]
[Round "2"]
[White "Mihajlovskij, Sergei"]
[Black "Hayrapetyan, Artavazd R."]
[Result "0-1"]
[BlackTitle "FM"]
[WhiteElo "2292"]
[BlackElo "2350"]
[WhiteFideId "13500805"]
[BlackFideId "13304240"]
[EventDate "2025.06.03"]

1. e4 e5 2. Nf3 Nc6 3. Bb5 Nf6 4. d3 d5 5. Nxe5 Qd6 6. f4 dxe4 7. Be3 Nd5 8. Bd2
e3 9. Bc3 Nxf4 10. Qf3 Nd5 11. Qxf7+ Kd8 12. Nc4 Qe6 13. Qxe6 Bxe6 14. O-O Ncb4
15. Ba4 b5 16. Bxb5 Nxc2 17. Nba3 Nxa1 18. Rxa1 Rb8 19. Bc6 Nxc3 20. bxc3 Bc5
21. d4 Bxa3 22. Nxa3 Rf8 23. d5 Bf5 24. Nc4 e2 25. Ne5 Rb1+ 26. Rxb1 Bxb1 0-1

[Event "Titled Tue 3rd Jun Early"]
[Site "chess.com INT"]
[Date "2025.06.03"]
[Round "2"]
[White "Nguyen, Ngoc Truong Son"]
[Black "Dambaev, Dashi"]
[Result "1-0"]
[WhiteTitle "GM"]
[BlackTitle "CM"]
[WhiteElo "2632"]
[BlackElo "2211"]
[WhiteFideId "12401110"]
[BlackFideId "55628494"]
[EventDate "2025.06.03"]

1. e4 c5 2. c3 d5 3. exd5 Qxd5 4. Nf3 Nf6 5. d4 Bg4 6. Be2 e6 7. Na3 cxd4 8. Nb5
Qd8 9. Qxd4 Qxd4 10. Nfxd4 Na6 11. Bxg4 Nxg4 12. h3 Nf6 13. Bf4 Nd5 14. Bg3 Bc5
15. Nb3 Be7 16. O-O-O O-O 17. Kb1 Nc5 18. Rhe1 Nxb3 19. axb3 Rfd8 20. c4 Nb4 21.
Bc7 Rdc8 22. Rd7 Bf8 23. Red1 Na6 24. Bd6 Bxd6 25. Nxd6 Rd8 26. Nxb7 Rdb8 27. c5
h6 28. c6 Nb4 29. c7 Rf8 30. Rd8 1-0

[Event "Titled Tue 3rd Jun Early"]
[Site "chess.com INT"]
[Date "2025.06.03"]
[Round "2"]
[White "Ambartsumova, Karina"]
[Black "Kirchei, Viktoriia"]
[Result "1-0"]
[WhiteTitle "IM"]
[BlackTitle "WFM"]
[WhiteElo "2403"]
[BlackElo "2058"]
[WhiteFideId "4166299"]
[BlackFideId "34133396"]
[EventDate "2025.06.03"]

1. Nf3 Nf6 2. c4 g6 3. Nc3 d5 4. cxd5 Nxd5 5. Qb3 Nb6 6. h4 h6 7. d3 Bg7 8. Be3
Nc6 9. g3 Be6 10. Qd1 Nd5 11. Bd2 O-O 12. Qc1 Kh7 13. Ne4 f5 14. Neg5+ hxg5 15.
Nxg5+ Kg8 16. Nxe6 Qd6 17. Nxf8 Rxf8 18. Bg2 Ne5 19. O-O Ng4 20. Bxd5+ Qxd5 21.
Qc4 Qxc4 22. dxc4 b6 23. Rab1 Rd8 24. Bg5 Kf7 25. Rfd1 Rd6 26. b3 e5 27. Kg2 e4
28. Rxd6 cxd6 29. Rd1 Ke6 30. f3 Ne5 31. fxe4 fxe4 32. Rd4 Kf5 33. Rxd6 Nf7 34.
Rd7 Nxg5 35. Rxg7 Ne6 36. Rxa7 1-0

[Event "Titled Tue 3rd Jun Early"]
[Site "chess.com INT"]
[Date "2025.06.03"]
[Round "2"]
[White "Buscar, Michael"]
[Black "Petrus, Adrian"]
[Result "1-0"]
[BlackTitle "CM"]
[WhiteElo "2016"]
[BlackElo "2203"]
[WhiteFideId "2603616"]
[BlackFideId "14573652"]
[EventDate "2025.06.03"]

1. d4 Nf6 2. c4 e6 3. Nc3 Bb4 4. e3 Bxc3+ 5. bxc3 O-O 6. Bd3 d6 7. Ne2 b6 8. e4
e5 9. Bg5 h6 10. Bh4 Bb7 11. f3 Nbd7 12. O-O Qe8 13. Bf2 Nh7 14. Ng3 Qe6 15. Nf5
Ba6 16. Qa4 Bb7 17. c5 dxc5 18. Bc4 Qe8 19. Bb5 c6 20. Bxc6 Bxc6 21. Qxc6 Rc8
22. Qb7 Rb8 23. Qxa7 cxd4 24. cxd4 Nhf6 25. d5 Qc8 26. Ne7+ 1-0

[Event "Titled Tue 3rd Jun Early"]
[Site "chess.com INT"]
[Date "2025.06.03"]
[Round "2"]
[White "Langheinrich, Ferenc"]
[Black "Araujo Filho, Luiz Antonio Coel"]
[Result "1-0"]
[WhiteTitle "IM"]
[WhiteElo "2346"]
[BlackElo "2077"]
[WhiteFideId "4641973"]
[BlackFideId "2130661"]
[EventDate "2025.06.03"]

1. e4 c6 2. Nf3 d5 3. d3 dxe4 4. dxe4 Qc7 5. c3 Bg4 6. Nbd2 Nd7 7. Qc2 O-O-O 8.
Be2 f6 9. a4 e5 10. a5 Nh6 11. Nc4 Nf7 12. b4 Nd6 13. Ne3 Bh5 14. a6 b6 15. c4
Bf7 16. O-O g5 17. c5 bxc5 18. bxc5 Nb5 19. Bxb5 cxb5 20. Ba3 Qc6 21. Rfd1 Nb8
22. Rxd8+ Kxd8 23. Rd1+ Kc8 24. Nd5 Nxa6 25. h3 Nc7 26. Qd3 Ne6 27. Nxf6 Be7 28.
Nxe5 Qc7 29. Nxf7 1-0

[Event "Titled Tue 3rd Jun Early"]
[Site "chess.com INT"]
[Date "2025.06.03"]
[Round "2"]
[White "Diaz Vasquez, Martin"]
[Black "Coelho, Ramyres Santana"]
[Result "1-0"]
[WhiteTitle "CM"]
[BlackTitle "WFM"]
[WhiteElo "2266"]
[BlackElo "1989"]
[WhiteFideId "3410579"]
[BlackFideId "2120690"]
[EventDate "2025.06.03"]

1. e4 c5 2. Nf3 d6 3. Be2 Nf6 4. c3 Nc6 5. d4 cxd4 6. cxd4 e5 7. Nc3 exd4 8.
Nxd4 Nxd4 9. Qxd4 Be6 10. O-O Be7 11. Rd1 O-O 12. Bf4 Ne8 13. Nd5 Bxd5 14. Qxd5
Qb6 15. Rab1 Nf6 16. Qd3 Rfd8 17. Bf3 Qa5 18. a3 Rab8 19. Bd2 Qb6 20. Bc3 h6 21.
Qd2 Qc6 22. e5 dxe5 23. Qxd8+ Rxd8 24. Rxd8+ Bxd8 25. Bxc6 bxc6 26. Bxe5 Nd5 27.
Bd4 Bb6 28. Bxb6 axb6 29. Rc1 c5 30. Rd1 Nf6 31. Rd6 b5 32. Rc6 Ne4 33. f3 Nd2
34. Rxc5 Nc4 35. Rxb5 Kh7 36. a4 Nd6 37. Rb4 f5 38. a5 Nc8 39. a6 g5 40. Rb8 Kg6
41. Rxc8 1-0

[Event "Titled Tue 3rd Jun Early"]
[Site "chess.com INT"]
[Date "2025.06.03"]
[Round "2"]
[White "Norowitz, Yaacov"]
[Black "Herrera Ortiz, Miguel"]
[Result "1-0"]
[WhiteTitle "IM"]
[BlackTitle "IM"]
[WhiteElo "2400"]
[BlackElo "2174"]
[WhiteFideId "2024799"]
[BlackFideId "5100550"]
[EventDate "2025.06.03"]

1. d4 Nf6 2. Nf3 e6 3. c3 b6 4. Bg5 Bb7 5. Nbd2 Be7 6. e3 Ne4 7. Bxe7 Qxe7 8.
Bd3 Nxd2 9. Qxd2 Bxf3 10. gxf3 O-O 11. O-O-O d5 12. h4 Nd7 13. Rdg1 Nf6 14. h5
h6 15. e4 Kh8 16. Rxg7 Ng8 17. Rxg8+ Kxg8 18. Rg1+ 1-0

[Event "Titled Tue 3rd Jun Early"]
[Site "chess.com INT"]
[Date "2025.06.03"]
[Round "2"]
[White "Lau, Lut Yin Luke"]
[Black "Grodotzki, Kenneth"]
[Result "1-0"]
[WhiteTitle "CM"]
[BlackTitle "CM"]
[WhiteElo "2243"]
[BlackElo "1984"]
[WhiteFideId "6002226"]
[BlackFideId "4648560"]
[EventDate "2025.06.03"]

1. a3 e5 2. d3 f5 3. g3 Nf6 4. Bg2 g6 5. Nf3 d6 6. O-O Bg7 7. c4 O-O 8. Nc3 c6
9. Bd2 h6 10. b4 g5 11. b5 c5 12. Ne1 Nbd7 13. Nc2 Qe8 14. Ne3 Qg6 15. Ned5 Nxd5
16. Nxd5 Rf7 17. e3 Rb8 18. Qa4 Ra8 19. Rab1 Nf8 20. Nb6 axb6 21. Qxa8 Be6 22.
Bxb7 e4 23. Bd5 exd3 24. a4 f4 25. exf4 gxf4 26. a5 bxa5 27. b6 Bxd5 28. Qxd5
Bd4 29. Bxf4 Kg7 30. Bxd6 Rd7 31. Bxf8+ Kxf8 32. Qxd7 1-0

[Event "Titled Tue 3rd Jun Early"]
[Site "chess.com INT"]
[Date "2025.06.03"]
[Round "2"]
[White "Ozkan, Taha"]
[Black "Keneshbekov, Elim"]
[Result "0-1"]
[WhiteTitle "FM"]
[BlackTitle "CM"]
[WhiteElo "2247"]
[BlackElo "1867"]
[WhiteFideId "34577173"]
[BlackFideId "13816772"]
[EventDate "2025.06.03"]

1. d4 Nf6 2. c4 g6 3. Nc3 Bg7 4. e4 d6 5. Nf3 O-O 6. Be2 Qe8 7. Be3 Na6 8. Nd2
e5 9. d5 Nd7 10. g4 f5 11. gxf5 gxf5 12. exf5 Ndc5 13. Rg1 Bxf5 14. Bh6 Bg6 15.
Bxg7 Kxg7 16. Nde4 Qf7 17. f3 Qf4 18. Qd2 Nxe4 19. Nxe4 Qh4+ 20. Kd1 Kh8 21. Nc3
Rf4 22. Qe3 Nb4 23. b3 Nc2 24. Qc1 Rd4+ 0-1

[Event "Titled Tue 3rd Jun Early"]
[Site "chess.com INT"]
[Date "2025.06.03"]
[Round "2"]
[White "Aditya, Varun Gampa"]
[Black "Moinzai, Khushal"]
[Result "1-0"]
[WhiteTitle "FM"]
[BlackTitle "FM"]
[WhiteElo "2192"]
[BlackElo "1894"]
[WhiteFideId "45066183"]
[BlackFideId "11701200"]
[EventDate "2025.06.03"]

1. a3 a5 2. e3 Nf6 3. Nf3 e6 4. c4 d5 5. Nc3 Be7 6. Qc2 O-O 7. g4 Nxg4 8. Rg1 f5
9. cxd5 exd5 10. Nxd5 Nc6 11. Bc4 Kh8 12. d4 Bd6 13. Bd2 Bxh2 14. Nxh2 Nxh2 15.
O-O-O Be6 16. Nf4 Bxc4 17. Qxc4 Qf6 18. Rh1 Nf3 19. Rxh7+ Kxh7 20. Rh1+ Nh4 21.
f3 g5 22. Nd5 Qf7 23. f4 Kg7 24. fxg5 Ng6 25. Bc3 Rad8 26. Nf6 Qxc4 27. Rh7# 1-0

[Event "Titled Tue 3rd Jun Early"]
[Site "chess.com INT"]
[Date "2025.06.03"]
[Round "2"]
[White "Jahnz, Laurin"]
[Black "Khoo-Thwe, Louis"]
[Result "0-1"]
[WhiteTitle "CM"]
[BlackTitle "CM"]
[WhiteElo "2233"]
[BlackElo "2214"]
[WhiteFideId "16261089"]
[BlackFideId "1538756"]
[EventDate "2025.06.03"]

1. e4 e5 2. Nf3 Nc6 3. Bc4 Bc5 4. d3 Nf6 5. a4 d6 6. O-O a6 7. Be3 Ba7 8. Bxa7
Rxa7 9. Nbd2 Ne7 10. Nh4 Ng6 11. Nxg6 hxg6 12. c3 Ra8 13. b4 c6 14. b5 Ng4 15.
Qf3 d5 16. exd5 Nxh2 17. Qe4 Nxf1 18. Qxe5+ Qe7 19. Qxe7+ Kxe7 20. Re1+ Kd8 21.
Nxf1 axb5 22. axb5 cxb5 23. Bxb5 Ra3 24. Rc1 Bd7 25. Bc4 b5 26. Bxb5 Bxb5 27.
Rb1 Bd7 28. Rb8+ Bc8 29. d6 Kd7 30. f3 Kxd6 31. Ne3 Kc7 32. Rb4 Ra1+ 33. Kf2
Ra2+ 34. Kg3 Bb7 35. d4 Re8 36. Nc4 Ree2 37. Ne5 Rxg2+ 38. Kf4 g5+ 39. Kf5 Bc8+
40. Ke4 Rge2+ 41. Kd5 Be6+ 42. Kc5 Ra5+ 43. Rb5 Rxb5+ 44. Kxb5 f6 45. Ng6 Rf2
46. c4 Rxf3 47. d5 Bf7 48. Ne7 g4 49. Kc5 g3 50. d6+ Kd7 51. Nc6 Be8 52. Nb8+
Kc8 53. Na6 g2 0-1

[Event "Titled Tue 3rd Jun Early"]
[Site "chess.com INT"]
[Date "2025.06.03"]
[Round "2"]
[White "Darmanin, Jake"]
[Black "Montano Vicente, Guadalupe"]
[Result "1-0"]
[WhiteTitle "CM"]
[WhiteElo "2065"]
[BlackElo "1940"]
[WhiteFideId "5601061"]
[BlackFideId "5181399"]
[EventDate "2025.06.03"]

1. e4 c5 2. Nf3 d6 3. c3 Nf6 4. h3 e5 5. Bd3 Be7 6. Bc2 O-O 7. O-O a6 8. d4 Nbd7
9. a4 Rb8 10. a5 cxd4 11. cxd4 exd4 12. Nxd4 Nc5 13. Nc3 Re8 14. Re1 h6 15. Bf4
Bf8 16. b4 Ne6 17. Bg3 Nxd4 18. Qxd4 Be6 19. Ba4 Bd7 20. Bb3 Rc8 21. Rad1 Be6
22. Bxe6 Rxe6 23. Nd5 Nxd5 24. Qxd5 Qc7 25. f4 Qc6 26. f5 Qxd5 27. Rxd5 Rf6 28.
Red1 Rc4 29. R1d4 Rxd4 30. Rxd4 g5 31. h4 Kg7 32. Kf1 Kh7 33. Ke2 1-0

[Event "Titled Tue 3rd Jun Early"]
[Site "chess.com INT"]
[Date "2025.06.03"]
[Round "2"]
[White "Ozcan, Kaan"]
[Black "Ejsymont, Blanka"]
[Result "1-0"]
[WhiteTitle "FM"]
[BlackTitle "WCM"]
[WhiteElo "2230"]
[BlackElo "1907"]
[WhiteFideId "34566422"]
[BlackFideId "21088268"]
[EventDate "2025.06.03"]

1. d4 d5 2. Nf3 Nf6 3. c4 e6 4. Nc3 c5 5. cxd5 exd5 6. Bg5 Nc6 7. e3 cxd4 8.
exd4 Be7 9. h3 Bf5 10. Bd3 Bxd3 11. Qxd3 O-O 12. O-O h6 13. Bh4 Ne4 14. Bxe7
Qxe7 15. Nxd5 Qe6 16. Nc7 Qg6 17. Nxa8 Rxa8 18. Rfe1 f5 19. Qb3+ Kh7 20. Qxb7
Re8 21. d5 Ne5 22. Nxe5 Rxe5 23. f3 Nd2 24. Kh2 Rxe1 25. Rxe1 f4 26. Qe7 Qg3+
27. Kh1 Nxf3 28. Qe4+ g6 29. Qe7+ Kg8 30. Qd8+ Kf7 31. Re7+ Kf6 32. Re3+ Kf5 33.
Rxf3 Qe1+ 34. Kh2 g5 35. Qd7+ Ke4 36. Qe6+ Kd4 37. Qxe1 Kc4 38. Qc3+ Kb5 39.
Qc6+ Kb4 40. Rb3+ Ka5 41. Qb5# 1-0

[Event "Titled Tue 3rd Jun Early"]
[Site "chess.com INT"]
[Date "2025.06.03"]
[Round "2"]
[White "Carlsson, Ludvig"]
[Black "Sonis, Francesco"]
[Result "1-0"]
[WhiteTitle "IM"]
[BlackTitle "GM"]
[WhiteElo "2374"]
[BlackElo "2570"]
[WhiteFideId "1727010"]
[BlackFideId "895733"]
[EventDate "2025.06.03"]

1. Nf3 b6 2. e4 Bb7 3. Nc3 e6 4. d4 Bb4 5. Bd3 Nf6 6. Nd2 d5 7. e5 Nfd7 8. Ne2
Bxd2+ 9. Bxd2 Ba6 10. Bxa6 Nxa6 11. c3 c5 12. Nf4 Nc7 13. Nh5 g6 14. Ng7+ Kf8
15. Bh6 Kg8 16. h4 f6 17. Qe2 Qe7 18. exf6 Nxf6 19. Rh3 Ne4 20. O-O-O Rc8 21. g4
cxd4 22. Rxd4 Nd6 23. Re3 Nc4 24. Rf3 e5 25. g5 Nd6 26. Rdf4 Ne4 27. Rxe4 dxe4
28. Qc4+ Ne6 29. Qxc8+ Nd8 30. Rf6 b5 31. Ne6 e3 32. Qxd8+ 1-0

[Event "Titled Tue 3rd Jun Early"]
[Site "chess.com INT"]
[Date "2025.06.03"]
[Round "2"]
[White "Vasquez Schroeder, Rodrigo"]
[Black "Hungaski, Robert"]
[Result "1-0"]
[WhiteTitle "GM"]
[BlackTitle "GM"]
[WhiteElo "2446"]
[BlackElo "2477"]
[WhiteFideId "3400042"]
[BlackFideId "2021030"]
[EventDate "2025.06.03"]

1. e4 g6 2. d4 Nf6 3. Bd3 d5 4. exd5 Nxd5 5. Nf3 Bg7 6. O-O O-O 7. h3 c5 8. dxc5
Nb4 9. Nc3 Qa5 10. Be3 Rd8 11. Qe2 Nxd3 12. cxd3 Nd7 13. d4 b6 14. Rfd1 Ba6 15.
Qc2 bxc5 16. Nd5 Bf8 17. dxc5 Rac8 18. b4 Qa3 19. Qb3 Qxb3 20. axb3 Bb7 21. Rxa7
Bc6 22. Nc3 Bxf3 23. gxf3 Ne5 24. Rxd8 Rxd8 25. f4 Nc6 26. Rb7 Rd3 27. b5 Na5
28. Ra7 Nxb3 29. Ne4 Rd1+ 30. Kg2 Rb1 31. c6 1-0

[Event "Titled Tue 3rd Jun Early"]
[Site "chess.com INT"]
[Date "2025.06.03"]
[Round "2"]
[White "Nielsen-Refs, Karl-Emil Elmer"]
[Black "Matskevich, Varvara"]
[Result "0-1"]
[WhiteTitle "CM"]
[BlackTitle "WFM"]
[WhiteElo "2095"]
[BlackElo "1988"]
[WhiteFideId "1452797"]
[BlackFideId "13523465"]
[EventDate "2025.06.03"]

1. d4 Nf6 2. Nf3 d6 3. Nc3 Nbd7 4. e4 e5 5. Bc4 Be7 6. Bxf7+ Kxf7 7. Ng5+ Kg8 8.
Ne6 Qe8 9. Nxc7 Qg6 10. O-O Rb8 11. f4 Bd8 12. Ne6 Bb6 13. Be3 Ng4 14. Rf3 Nxe3
15. Rxe3 Qxe6 16. f5 Qf7 17. Rg3 Bxd4+ 18. Kh1 Nf6 19. Nd5 Nxd5 20. exd5 Bxf5
21. c3 Bb6 22. Qa4 g6 23. Rf1 Kg7 24. h4 h5 25. Qd1 Qe7 26. Qc1 Qxh4+ 27. Rh3
Bxh3 0-1

[Event "Titled Tue 3rd Jun Early"]
[Site "chess.com INT"]
[Date "2025.06.03"]
[Round "2"]
[White "Hoepfl, Thomas"]
[Black "Lee, Junhyeok"]
[Result "1/2-1/2"]
[WhiteTitle "FM"]
[BlackTitle "IM"]
[WhiteElo "2194"]
[BlackElo "2434"]
[WhiteFideId "4615182"]
[BlackFideId "13202340"]
[EventDate "2025.06.03"]

1. e4 g6 2. d4 Bg7 3. Nc3 d6 4. f4 Nc6 5. d5 Nd4 6. Be3 c5 7. dxc6 Nxc6 8. Nf3
Nf6 9. Bd3 Bg4 10. h3 Bxf3 11. Qxf3 O-O 12. O-O Nd7 13. Bd2 Nc5 14. Kh1 Nd4 15.
Qf2 Rc8 16. Rac1 a6 17. Nd5 e6 18. Ne3 f5 19. exf5 gxf5 20. b4 Nxd3 21. cxd3 d5
22. Rxc8 Qxc8 23. Rc1 Qd7 24. Nc2 Nxc2 25. Rxc2 Rc8 26. Be3 Rc6 27. Rxc6 Qxc6
28. Bd4 Qc1+ 29. Kh2 Bxd4 30. Qxd4 Kf7 31. Qe5 h5 32. Qd6 b5 33. Qd7+ Kf6 34.
Qd8+ Kf7 35. Qd7+ Kf6 36. Qd8+ Kf7 37. Qd7+ 1/2-1/2

[Event "Titled Tue 3rd Jun Early"]
[Site "chess.com INT"]
[Date "2025.06.03"]
[Round "2"]
[White "Le, Tuan Minh"]
[Black "Akkara, Omer"]
[Result "1-0"]
[WhiteTitle "GM"]
[BlackTitle "CM"]
[WhiteElo "2598"]
[BlackElo "2036"]
[WhiteFideId "12401153"]
[BlackFideId "26319802"]
[EventDate "2025.06.03"]

1. d4 Nf6 2. Nf3 e6 3. Bf4 d5 4. e3 Bd6 5. Nbd2 b6 6. c3 Bb7 7. Bd3 Qe7 8. Ne5
Nbd7 9. Qf3 h6 10. h4 a6 11. a4 Rg8 12. h5 Bxe5 13. dxe5 Nc5 14. Bc2 Nfe4 15.
Qe2 Nxd2 16. Qxd2 Ne4 17. Qe2 Qc5 18. O-O O-O-O 19. f3 Ng5 20. Bd3 a5 21. Qd2 f6
22. b4 Qe7 23. bxa5 bxa5 24. Rab1 Bc6 25. e4 dxe4 26. Ba6+ 1-0

[Event "Titled Tue 3rd Jun Early"]
[Site "chess.com INT"]
[Date "2025.06.03"]
[Round "2"]
[White "Drygalov, Sergey"]
[Black "Gurevich, Dmitry"]
[Result "1-0"]
[WhiteTitle "GM"]
[BlackTitle "GM"]
[WhiteElo "2560"]
[BlackElo "2347"]
[WhiteFideId "24171743"]
[BlackFideId "2000407"]
[EventDate "2025.06.03"]

1. d4 Nf6 2. c4 a6 3. Nf3 c5 4. d5 b5 5. a4 b4 6. Nbd2 d6 7. e4 g6 8. b3 Bg7 9.
Bb2 O-O 10. Be2 Re8 11. O-O Nxe4 12. Bxg7 Nxd2 13. Qxd2 Kxg7 14. h3 Nd7 15. Rfe1
Nf6 16. Bd3 Ra7 17. Rad1 h6 18. Bc2 a5 19. Qf4 e5 20. dxe6 Rxe6 21. Rxe6 Bxe6
22. Rxd6 Rd7 23. Rxd7 Qxd7 24. Qe5 Bf5 25. Bxf5 Qxf5 26. Qc7 Ne4 27. Qxa5 Nc3
28. Qc7 Ne2+ 29. Kh2 Nf4 30. a5 1-0

[Event "Titled Tue 3rd Jun Early"]
[Site "chess.com INT"]
[Date "2025.06.03"]
[Round "2"]
[White "Lamard, Guillaume"]
[Black "Jimenez Fernandez, Rebeca"]
[Result "1-0"]
[WhiteTitle "GM"]
[BlackTitle "WFM"]
[WhiteElo "2500"]
[BlackElo "2163"]
[WhiteFideId "600261"]
[BlackFideId "32070934"]
[EventDate "2025.06.03"]

1. e4 c5 2. Nf3 Nc6 3. d4 cxd4 4. Nxd4 g6 5. c4 Nf6 6. Nc3 d6 7. f3 Nxd4 8. Qxd4
Bg7 9. Be3 O-O 10. Qd2 Be6 11. Be2 Qa5 12. Rc1 Rfc8 13. b3 a6 14. Na4 Qxd2+ 15.
Kxd2 Nd7 16. g4 Rcb8 17. Nb6 Nxb6 18. Bxb6 Rc8 19. a4 Bh6+ 20. Be3 Bxe3+ 21.
Kxe3 b5 22. cxb5 axb5 23. Bxb5 Bxb3 24. Rxc8+ Rxc8 25. Ra1 Kf8 26. a5 Ra8 27. a6
Ra7 28. Kd4 e5+ 29. Kc3 Be6 30. Kb4 d5 31. exd5 Bxd5 32. Kc5 Bxf3 33. Kb6 Re7
34. a7 Re6+ 35. Kc7 Re7+ 36. Bd7 Kg7 37. Kd6 Rxd7+ 38. Kxd7 Bxg4+ 39. Kd6 Bf3
40. Kxe5 h5 41. a8=Q Bxa8 42. Rxa8 f6+ 43. Kf4 1-0

[Event "Titled Tue 3rd Jun Early"]
[Site "chess.com INT"]
[Date "2025.06.03"]
[Round "2"]
[White "Sadubayev, Airat"]
[Black "Barwinska, Ewa"]
[Result "1-0"]
[WhiteTitle "FM"]
[BlackTitle "WFM"]
[WhiteElo "2211"]
[BlackElo "2014"]
[WhiteFideId "13713264"]
[BlackFideId "21833761"]
[EventDate "2025.06.03"]

1. d4 d5 2. c4 c6 3. Nf3 Nf6 4. Nc3 e6 5. e3 Nbd7 6. Qc2 Be7 7. Bd3 dxc4 8. Bxc4
b5 9. Bd3 a6 10. Ne4 Bb7 11. Nxf6+ Nxf6 12. Bd2 c5 13. dxc5 Bxf3 14. gxf3 Qd5
15. Be2 Qxc5 16. Qxc5 Bxc5 17. a4 Ke7 18. Bd3 b4 19. a5 Rhd8 20. Ke2 Nd5 21.
Rhc1 Rdc8 22. e4 Nf6 23. Rxc5 Rxc5 24. Bxb4 Nd7 25. Rc1 Kd6 26. e5+ Kxe5 27.
Bxc5 Rb8 28. b4 1-0

[Event "Titled Tue 3rd Jun Early"]
[Site "chess.com INT"]
[Date "2025.06.03"]
[Round "2"]
[White "Sheehan, Ethan"]
[Black "Goldin, Roman"]
[Result "1-0"]
[BlackTitle "FM"]
[WhiteElo "2380"]
[BlackElo "2296"]
[WhiteFideId "30943965"]
[BlackFideId "2803860"]
[EventDate "2025.06.03"]

1. f3 d5 2. b3 e6 3. Bb2 Nf6 4. e3 Bd6 5. f4 c5 6. Nf3 Nc6 7. Bb5 O-O 8. Bxc6
bxc6 9. O-O a5 10. a4 c4 11. bxc4 Rb8 12. Bc3 Ne4 13. cxd5 Ba6 14. dxe6 Bxf1 15.
exf7+ Rxf7 16. Qxf1 Nxc3 17. Nxc3 Bb4 18. Ne4 Qd5 19. d3 Bc5 20. Qe1 Rxf4 21. c4
Qxd3 22. Nxc5 Qxc4 23. exf4 Qxc5+ 24. Qf2 Qc3 25. Qd4 Qc2 26. Re1 h6 27. Ne5 Rb2
28. Qc4+ Qxc4 29. Nxc4 Rb4 30. Nxa5 Rxa4 31. Nxc6 Rxf4 32. Re7 Rf6 33. Ne5 Rf5
34. Nf3 Kh7 35. Nd4 Rf4 36. Rxg7+ 1-0

[Event "Titled Tue 3rd Jun Early"]
[Site "chess.com INT"]
[Date "2025.06.03"]
[Round "2"]
[White "Kopczynski, Michal"]
[Black "Risteski, Emil"]
[Result "1-0"]
[WhiteTitle "CM"]
[BlackTitle "IM"]
[WhiteElo "2225"]
[BlackElo "2359"]
[WhiteFideId "1124200"]
[BlackFideId "15005267"]
[EventDate "2025.06.03"]

1. e4 d6 2. d4 Nf6 3. Nc3 Nbd7 4. Be3 e5 5. dxe5 dxe5 6. f3 c6 7. Qd2 b5 8.
O-O-O Qa5 9. g4 b4 10. Nb1 Qxa2 11. g5 Nh5 12. Bh3 f5 13. Bxf5 Qf7 14. Ne2 g6
15. Bg4 Ng7 16. h4 Ne6 17. h5 Rg8 18. hxg6 hxg6 19. Rh2 Be7 20. f4 exf4 21. Nxf4
Ndf8 22. Nd3 Nxg5 23. Bxg5 Bxg4 24. Ne5 Qe6 25. Nxg4 Rd8 26. Qxd8+ Bxd8 27.
Rxd8+ Kf7 28. Nh6+ Kg7 29. Nxg8 Qg4 30. Bh6+ Kxg8 31. Rxf8+ Kh7 32. Rf7+ Kg8 33.
Rf8+ Kh7 34. Rf1 Kg8 35. Nd2 a5 36. Be3 a4 37. Bd4 1-0